[Event "TUR-chT 2nd League"]
[Site "Denizli"]
[Date "2023.07.12"]
[Round "6.116"]
[White "Callioglu, Yigit Sarp"]
[Black "Sahin, Taha"]
[Result "1/2-1/2"]
[WhiteElo "1541"]
[BlackElo "1727"]
[PlyCount "139"]
[EventDate "2023.07.09"]
[EventType "team-swiss"]
[EventRounds "9"]
[EventCountry "TUR"]
[SourceTitle "CBM 215 Extra"]
[Source "ChessBase"]
[SourceDate "2023.09.30"]
[SourceVersion "1"]
[SourceVersionDate "2023.09.30"]
[SourceQuality "1"]
[WhiteTeam "Pamukkale Yonetimi"]
[BlackTeam "Karaman Tabduk Emre"]
[WhiteTeamCountry "TUR"]
[BlackTeamCountry "TUR"]

1. e4 c5 2. Nc3 Nc6 3. Nf3 e6 4. Bb5 a6 5. Bxc6 bxc6 6. d4 d5 7. 0-0 cxd4 8. Nxd4 Bb7 9. exd5 cxd5 10. Re1 Nf6 11. Bg5 Be7 12. Qd3 0-0 13. Qg3 Kh8 14. Re3 h6 15. Qh4 Ng8 16. Bxe7 Nxe7 17. Rae1 Rc8 18. Nce2 Nc6 19. Qxd8 Rfxd8 20. Nxc6 Rxc6 21. Nd4 Rb6 22. Rb3 Rxb3 23. axb3 Rc8 24. b4 g5 25. c3 Rc4 26. g3 Kg7 27. Nb3 Bc8 28. Nc5 a5 29. Na4 axb4 30. Re3 bxc3 31. Rxc3 Rxc3 32. bxc3 Ba6 33. f3 Kf6 34. Kf2 e5 35. Ke3 Bb5 36. Nc5 Ke7 37. f4 f6 38. Nb3 Ke6 39. fxe5 fxe5 40. Nc5+ Kf5 41. Nb7 Kg4 42. Nd6 Bd7 43. Nf7 Kf5 44. Nd6+ Ke6 45. Nb7 Bc8 46. Nc5+ Kf5 47. Nd3 h5 48. Nc5 Kg4 49. Nd3 d4+ 50. cxd4 exd4+ 51. Kxd4 Kh3 52. Ke3 Kxh2 53. Kf2 Kh3 54. Ne5 Bb7 55. Nd3 Kh2 56. Ne5 Be4 57. g4 hxg4 58. Nxg4+ Kh3 59. Ne3 Bc6 60. Nf5 g4 61. Ng3 Bg2 62. Ne2 Kh2 63. Ng3 Bh3 64. Ne2 Bg2 65. Ng3 Bf3 66. Nf1+ Kh3 67. Ng3 Kh4 68. Nf5+ Kg5 69. Ne3 Kf4 70. Nxg4 1/2-1/2

[Event "TUR Cup"]
[Site "Antalya"]
[Date "2017.01.29"]
[Round "2"]
[White "Callioglu, Yigit Sarp"]
[Black "Simsek, Ibrahim"]
[Result "0-1"]
[WhiteElo "1580"]
[BlackElo "1345"]
[PlyCount "56"]
[EventDate "2017.01.28"]
[EventType "swiss"]
[EventRounds "11"]
[EventCountry "TUR"]
[SourceTitle "CBM 176 Extra"]
[Source "ChessBase"]
[SourceDate "2017.03.02"]
[SourceVersion "1"]
[SourceVersionDate "2017.03.02"]
[SourceQuality "1"]

1. d4 d5 2. Nf3 Nf6 3. e3 Bg4 4. Be2 e6 5. Nbd2 Bb4 6. a3 Bd6 7. b3 0-0 8. Bb2 Nbd7 9. Ne5 Bxe2 10. Qxe2 c5 11. f4 Qc7 12. Ndf3 Ne4 13. 0-0 Rac8 14. Rac1 f6 15. Nxd7 Qxd7 16. Nd2 cxd4 17. Nxe4 dxe4 18. exd4 f5 19. c4 b6 20. Rc3 Rc6 21. Rg3 Rf7 22. Kh1 Qe7 23. b4 Qc7 24. Re3 Bxf4 25. b5 Rd6 26. Rxf4 Rxd4 27. Rf1 Qd6 28. Bc1 Rd7 0-1